| Tag |
First Indicator |
Second Indicator |
Subfields |
| LEADER |
00000cam a22000001a 4500 |
| 001 |
in00003146413 |
| 005 |
20190403185838.0 |
| 006 |
m o d |
| 007 |
cr un mmmapmmp |
| 008 |
080430s1955 dcu o f000 0 eng d |
| 035 |
|
|
|a cis2004249064
|
| 040 |
|
|
|a UMI
|c UMI
|d UtOrBLW
|
| 043 |
|
|
|a n-us---
|
| 099 |
|
|
|a ProQuest Serial Set Number 11823 H.rp.1068
|
| 110 |
1 |
|
|a United States.
|b Congress.
|b House.
|b Committee on Public Works.
|
| 245 |
1 |
0 |
|a Providing for adjustments in the lands or interests therein acquired for the Demopolis Lock and Dam, Alabama, by the reconveyance of certain lands or interests therein to the former owners thereof.
|
| 246 |
1 |
|
|a Reconveyance to former owners of lands acquired for Demopolis Lock and Dam
|
| 264 |
|
1 |
|a Washington :
|b [publisher not identified],
|c 1955.
|
| 300 |
|
|
|a 1 online resource.
|
| 336 |
|
|
|a text
|b txt
|2 rdacontent
|
| 337 |
|
|
|a computer
|b c
|2 rdamedia
|
| 338 |
|
|
|a online resource
|b cr
|2 rdacarrier
|
| 490 |
0 |
|
|a H.rp.1068
|
| 500 |
|
|
|a Record is based on bibliographic data in ProQuest U.S. Serial Set Digital Collection (last viewed Apr. 2008). Reuse except for individual research requires license from ProQuest, LLC.
|
| 510 |
3 |
|
|a ProQuest U.S. Serial Set Digital Collection
|
| 500 |
|
|
|a Electronic resource.
|
| 650 |
|
0 |
|a Reservoirs.
|
| 650 |
|
0 |
|a Deeds.
|
| 650 |
|
0 |
|a Public lands.
|
| 655 |
|
7 |
|a Electronic books.
|2 local
|
| 710 |
2 |
|
|a ProQuest (Firm)
|
| 830 |
|
0 |
|a United States congressional serial set.
|
| 856 |
4 |
0 |
|u http://proxy.library.tamu.edu/login?url=http://congressional.proquest.com/congcomp/getdoc?SERIAL-SET-ID=11823+H.rp.1068
|z Connect to the full text of this electronic book
|t 0
|
| 999 |
|
|
|a MARS
|
| 999 |
f |
f |
|s 06a85fc3-0750-3a68-99ae-643d2b9b045b
|i 8c470c7f-a5c2-371b-a47f-3f357102fd98
|t 0
|
| 952 |
f |
f |
|a Texas A&M University
|b College Station
|c Electronic Resources
|d Available Online
|t 0
|e ProQuest Serial Set Number 11823 H.rp.1068
|h Other scheme
|
| 998 |
f |
f |
|a ProQuest Serial Set Number 11823 H.rp.1068
|t 0
|l Available Online
|